| 000 | 00794nam a22001577a 4500 | ||
|---|---|---|---|
| 999 |
_c8163 _d8164 |
||
| 008 | 190712b ||||| |||| 00| 0 eng d | ||
| 020 | _a9781451610291 | ||
| 082 | _a306 LEO | ||
| 100 | _aLeonard, Annie | ||
| 245 |
_aThe story of stuff : _bhow our obsession with stuff is trashing the planet, our communities, and our health--and a vision for change. |
||
| 260 |
_aNew York : _bFree Press, _c2010. |
||
| 300 |
_axxxix, 319p. _c21 cm. |
||
| 500 | _aBibliography note: Includes bibliographical references | ||
| 650 | _a Acquisitiveness -- Moral and ethical aspects; Consumption (Economics) -- Moral and ethical aspects; Consumption (Economics) -- Environmental aspects; Consumption (Economics) -- Social aspects; Personal belongings; Material culture; Sustainable development; | ||
| 942 | _2ddc | ||